Statystyki dla Najpotężniejsze kraje graniczące ze sobą

Kliknij tutaj aby rozwiązać quiz!

Ogólne statystyki

  • Ten quiz został rozwiązany 14 945 razy
  • Średni wynik to 18 z 24

Statystyki odpowiedzi

Kraj% Poprawnych
Rosja
99%
Chiny
98%
Stany Zjednoczone
97%
Niemcy
95%
Kanada
94%
Francja
93%
Hiszpania
90%
Polska
90%
Indie
88%
Meksyk
88%
Włochy
80%
Brazylia
79%
Korea Północna
78%
Korea Południowa
77%
Ukraina
74%
Iran
71%
Pakistan
69%
Turcja
65%
Szwajcaria
59%
Egipt
52%
Izrael
50%
Wietnam
49%
Grecja
48%
Norwegia
39%

Rozkład punktacji

Percentyl według liczby udzielonych odpowiedzi

Procent ludzi z każdym wynikiem

Twoja historia wyników

Nie rozwiązałeś tego quizu